Srovnání bankovních sektorů Rakouska a České republiky
Porovnanie bankových sektorov Rakúska a ČR. Veľkosť bankového sektora. Počet a typy bánk. Hustota siete a podiel 10 najväčších bánk na bilančnej sume bankového sektora. Veľké, stredné a malé banky. Štruktúra aktív a pasív bankových sektorov. Náklady, výnosy a ziskovosť.
Salvato in:
| Autore principale: | |
|---|---|
| Natura: | Capitolo di libro |
| Lingua: | ceco |
| Soggetti: | |
| Tags: |
Nessun Tag, puoi essere il primo ad aggiungerne!!
|
MARC
| LEADER | 00000naa a2200000 4500 | ||
|---|---|---|---|
| 001 | r017082 | ||
| 005 | 20221205101315.5 | ||
| 041 | 0 | |a cze | |
| 044 | |a CZ | ||
| 245 | 1 | 0 | |a Srovnání bankovních sektorů Rakouska a České republiky |c I. Babouček |
| 520 | |a Porovnanie bankových sektorov Rakúska a ČR. Veľkosť bankového sektora. Počet a typy bánk. Hustota siete a podiel 10 najväčších bánk na bilančnej sume bankového sektora. Veľké, stredné a malé banky. Štruktúra aktív a pasív bankových sektorov. Náklady, výnosy a ziskovosť. | ||
| 610 | 2 | 0 | |a bankovníctvo |
| 610 | 2 | 0 | |a sústava banková |
| 610 | 2 | 0 | |a Česko |
| 610 | 2 | 0 | |a Rakúsko |
| 610 | 2 | 0 | |a banky |
| 610 | 2 | 0 | |a banky obchodné |
| 610 | 2 | 0 | |a náklady |
| 610 | 2 | 0 | |a výnosy |
| 610 | 2 | 0 | |a zisk |
| 610 | 2 | 0 | |a aktíva |
| 610 | 2 | 0 | |a pasíva |
| 100 | 1 | |a Babouček, I. | |